WW2 Planes Quiz - With Pictures - Statistics

General Stats
  • This quiz has been taken 7,791 times
  • The average score is 11 of 16
Answer Stats
Picture Answer % Correct
P-51 Mustang
94%
Spitfire Mk XVI NR
92%
Mitsubishi A6M Zero
84%
Boeing B-17 Flying Fortress
82%
Boeing B-29 Superfortress
81%
Messerschmitt Bf 109
80%
Avro Lancaster
76%
Me 262A
76%
Hawker Hurricane
71%
Vought F4U Corsair
70%
Focke-Wulf Fw 190
60%
B-24 Liberator
59%
P-47N Thunderbolt
58%
Messerschmitt Me 163B
52%
Yakovlev Yak-3
45%
Hawker Typhoon
44%
No matching quizzes found
Score Distribution
Percent of People with Each Score
Percentile by Number Answered
Your Score History
You have not taken this quiz